| 000 | 00366nam a22001577a 4500 | ||
|---|---|---|---|
| 020 | _a978-93-325-5002-5 | ||
| 041 | _aENG | ||
| 100 | _aHudson T.Hartmann | ||
| 245 | _aPlant Propagation Principles And Practices | ||
| 250 | _a8 Edition | ||
| 260 |
_aNew Delhi _bPearson _c2017 |
||
| 300 | _a922 | ||
| 650 | _aHorti | ||
| 700 | _aDale.E.kester | ||
| 856 | _uAgricultural | ||
| 999 |
_c38 _d38 |
||